000 00716nam a2200229 a 4500
001 70346
003 BD-RjUL
005 20211209082004.0
008 170417s1968 enk b 000 0 eng
020 _a0340073306
035 _a(BD-RjUL)70560
040 _aDLC
_cDLC
_dDLC
_dBD-RjUL
_beng
041 _aeng
082 0 0 _223
_a519.535
_bHOM 1968
100 1 _aHope, Keith,
_d1936-
_9208301
245 1 0 _aMethods of multivariate analysis :
_bwith handbook of multivariate methods programmed in Atlas Autocode /
_cKeith Hope.
260 _aLondon :
_bUniversity of London P.,
_c1968.
300 _a288 p. ;
_c22 cm.
504 _aIncludes bibliographies.
650 0 _aMultivariate analysis.
_9208302
942 _2ddc
_cBK
999 _c70346
_d70346